Normal view MARC view

Entry Personal Name

Number of records used in: 2

001 - CONTROL NUMBER

  • control field: 62236

003 - CONTROL NUMBER IDENTIFIER

  • control field: dpl

005 - DATE AND TIME OF LATEST TRANSACTION

  • control field: 20240216152658.0

008 - FIXED-LENGTH DATA ELEMENTS

  • fixed length control field: 240216|| aca||aabn | a|a d

040 ## - CATALOGING SOURCE

  • Original cataloging agency: dpl
  • Transcribing agency: dpl

100 ## - HEADING--PERSONAL NAME

  • Personal name: सुरेन्द्र विक्रम

670 ## - SOURCE DATA FOUND

  • Source citation: Work cat.: (dpl)200873: सुरेन्द्र विक्रम , बालसाहित्य;परम्परा,प्रगति और प्रयोग/, 2021

© Delhi Public Library
Hit Counter
free hit counter